Neuseeland-Quiz - Statistiken

Allgemein
  • Dieses Quiz wurde 4.338 mal gespielt
  • Das Durchschnittsergebnis liegt bei 10 aus 20
Antwortstatistiken
Frage Antwort % Korrekt
Hauptstadt Wellington
95%
Vogel und Wahrzeichen Neuseelands Kiwi
86%
Bevölkerungsreichste Stadt Auckland
81%
Währung Neuseelands Dollar
78%
Filmtrilogie von Peter Jackson, die in Neuseeland gefilmt wurde Der Herr der Ringe
72%
Indigene Völker Neuseelands Māori
70%
Neuseeland ist das erste Land, das dieser Volksgruppe das Stimmrecht gewährte Frauen
63%
Größte Stadt auf der Südinsel Christchurch
59%
Land, in welchem sich die Provinz Zeeland befindet, nach der Neuseeland benannt ist Niederlande
56%
Höchster Berg Aoraki / Mt. Cook
55%
Die Population dieses Tiers erreichte 1982 eine Spitze von 70 Millionen Individuen Schaf
43%
Gebirgskette, wo sich dieser Berg befindet Süd{alpen}
42%
Name der Rugby-Nationalmannschaft All Blacks
40%
Möglicherweise Neuseelands beliebteste Touristenattraktion Milford {Sound}
29%
Berühmter Bergsteiger, der 2008 verstarb Edmund Hillary
26%
Erster europäischer Entdecker, der in Neuseeland landete Abel Tasman
21%
Name Neuseelands in der obigen Sprache Aotearoa
16%
Flugunfähiger Vogel, der um das 15. Jahrhundert zum Aussterben gejagt wurde Moa
16%
Größter See Lake Taupo
14%
Längster Fluss Waikato River
7%
Keine übereinstimmenden Quizze gefunden
Verteilung der Resultate
Anzahl Personen mit jedem Resultat
Perzentil nach korrekt beantworteten Fragen
Ihre Resultats-Entwicklung
Sie haben dieses Quiz noch nicht gespielt